<?xml version="1.0" encoding="UTF-8"?><?xml-stylesheet type="text/xsl" href="static/style.xsl"?><OAI-PMH xmlns="http://www.openarchives.org/OAI/2.0/" xmlns:xsi="http://www.w3.org/2001/XMLSchema-instance" xsi:schemaLocation="http://www.openarchives.org/OAI/2.0/ http://www.openarchives.org/OAI/2.0/OAI-PMH.xsd"><responseDate>2026-04-29T23:03:49Z</responseDate><request verb="GetRecord" identifier="oai:repisalud.isciii.es:20.500.12105/23102" metadataPrefix="marc">https://repisalud.isciii.es/rest/oai/request</request><GetRecord><record><header><identifier>oai:repisalud.isciii.es:20.500.12105/23102</identifier><datestamp>2024-11-29T15:17:44Z</datestamp><setSpec>com_20.500.12105_2173</setSpec><setSpec>com_20.500.12105_2051</setSpec><setSpec>col_20.500.12105_19597</setSpec></header><metadata><record xmlns="http://www.loc.gov/MARC21/slim" xmlns:dcterms="http://purl.org/dc/terms/" xmlns:doc="http://www.lyncode.com/xoai" xmlns:xsi="http://www.w3.org/2001/XMLSchema-instance" xsi:schemaLocation="http://www.loc.gov/MARC21/slim http://www.loc.gov/standards/marcxml/schema/MARC21slim.xsd">
   <leader>00925njm 22002777a 4500</leader>
   <datafield ind2=" " ind1=" " tag="042">
      <subfield code="a">dc</subfield>
   </datafield>
   <datafield ind2=" " ind1=" " tag="720">
      <subfield code="a">Peinado-Izaguerri, Jorge</subfield>
      <subfield code="e">author</subfield>
   </datafield>
   <datafield ind2=" " ind1=" " tag="720">
      <subfield code="a">Zarzuela, Eduardo</subfield>
      <subfield code="e">author</subfield>
   </datafield>
   <datafield ind2=" " ind1=" " tag="720">
      <subfield code="a">McLaughlin, Mark</subfield>
      <subfield code="e">author</subfield>
   </datafield>
   <datafield ind2=" " ind1=" " tag="720">
      <subfield code="a">Small, Alexandra C</subfield>
      <subfield code="e">author</subfield>
   </datafield>
   <datafield ind2=" " ind1=" " tag="720">
      <subfield code="a">Riva, Francesca</subfield>
      <subfield code="e">author</subfield>
   </datafield>
   <datafield ind2=" " ind1=" " tag="720">
      <subfield code="a">McKeegan, Dorothy EF</subfield>
      <subfield code="e">author</subfield>
   </datafield>
   <datafield ind2=" " ind1=" " tag="720">
      <subfield code="a">Bain, Maureen</subfield>
      <subfield code="e">author</subfield>
   </datafield>
   <datafield ind2=" " ind1=" " tag="720">
      <subfield code="a">Muñoz, Javier</subfield>
      <subfield code="e">author</subfield>
   </datafield>
   <datafield ind2=" " ind1=" " tag="720">
      <subfield code="a">Bhide, Mangesh</subfield>
      <subfield code="e">author</subfield>
   </datafield>
   <datafield ind2=" " ind1=" " tag="720">
      <subfield code="a">Preston, Tom</subfield>
      <subfield code="e">author</subfield>
   </datafield>
   <datafield ind2=" " ind1=" " tag="260">
      <subfield code="c">2023-05-30</subfield>
   </datafield>
   <datafield ind2=" " ind1=" " tag="520">
      <subfield code="a">RATIONALE: The study of protein synthesis in farm animals is uncommon despite its potential to increase knowledge about metabolism and discover new biomarkers of health and growth status. The present study describes a novel dynamic proteomics approach for the measurement of protein fractional synthesis rate (FSR) in broiler chickens. METHODS: Chickens received a 10ﾠg/kg oral dose of 2 H2 O at day 21 of their life. Body water 2 H abundance was measured in plasma samples using a portable Fourier transform infrared spectrometer. Free and protein-bound amino acids (AAs) were isolated and had their 2 H enrichment measured by gas chromatography with mass spectrometry (GC/MS). Peptide 2 H enrichment was measured by proteomics analysis of plasma and muscle samples. Albumin, fibrinogen and muscle protein FSR were calculated from GC/MS and proteomics data. RESULTS: Ala appeared to be more enriched at the site of protein synthesis than in the AA free pools. Glu was found to be the AA closest to isotopic equilibrium between the different AA pools. Glu was used as an anchor to calculate n(AA) values necessary for chicken protein FSR calculation in dynamic proteomics studies. FSR values calculated using proteomics data and GC/MS data showed good agreement as evidenced by a Bland-Altman residual plot. CONCLUSIONS: A new dynamic proteomics approach for the measurement of broiler chicken individual protein FSR based on the administration of a single 2 H2 O oral bolus has been developed and validated. The proposed approach could facilitate new immunological and nutritional studies on free-living animals.</subfield>
   </datafield>
   <datafield ind1="8" ind2=" " tag="024">
      <subfield code="a">Rapid Commun Mass Spectrom  . 2023;37(10):e9497</subfield>
   </datafield>
   <datafield ind1="8" ind2=" " tag="024">
      <subfield code="a">10.1002/rcm.9497</subfield>
   </datafield>
   <datafield ind1="8" ind2=" " tag="024">
      <subfield code="a">1097-0231</subfield>
   </datafield>
   <datafield ind1="8" ind2=" " tag="024">
      <subfield code="a">Rapid communications in mass spectrometry : RCM</subfield>
   </datafield>
   <datafield ind1="8" ind2=" " tag="024">
      <subfield code="a">36851885</subfield>
   </datafield>
   <datafield ind1="8" ind2=" " tag="024">
      <subfield code="a">https://hdl.handle.net/20.500.12105/23102</subfield>
   </datafield>
   <datafield ind2="0" ind1="0" tag="245">
      <subfield code="a">A novel dynamic proteomics approach for the measurement of broiler chicken protein fractional synthesis rate.</subfield>
   </datafield>
</record></metadata></record></GetRecord></OAI-PMH>